One Billion! Quiz Stats

 Plays Quiz Updated Feb 7, 2020

Support Sporcle.
Go Orange.
Score 0/45 Timer 10:00
0 Plays Today
Category Answer % Correct
MusicThe Beatles
78.4%
HolidayBlack Friday
76.6%
TelevisionDonald Trump
75.7%
GeographyChina, USA, Indonesia, Brazil
66.8%
GamingMonopoly
65.4%
MiscellaneousDomino's Pizza
62%
Just For Funmillion
61%
Just For FunSporcle
60.9%
ReligionBible
60.7%
EntertainmentFacebook
60.7%
LanguageArab
60.5%
HolidayBirthday
58.3%
ReligionIslam
57%
Entertainment1st-Lady Gaga, 2nd-Justin Bieber, 3rd-Eminem
55.7%
HistoryTrees
55.6%
SportsUsain Bolt
53.9%
MoviesDr. Evil
50.2%
EntertainmentSamsung
44.8%
HistoryMcDonald's
44.7%
MoviesFrozen
44.1%
MiscellaneousHostess
43.6%
LiteratureFreaky Friday
41%
MoviesThe Beverly Hillbillies
40.6%
Category Answer % Correct
ReligionCalifornia
39.8%
GamingWorld of Warcraft
39.2%
SportsTiger Woods
38.1%
MiscellaneousHomeland Security
31.3%
ScienceCarl Sagan
31%
GeographyMoscow, Russia
30%
MusicOprah and the Queen
28.7%
TelevisionDoctor Who
28.3%
LiteratureThe War of the Worlds
27.1%
Just For FunHigh Definition
26.5%
TelevisionFuturama
26.3%
LanguageMilliard
25.3%
LanguageGreek
24%
HolidayDiwali
23.4%
ScienceGiga
23.2%
Geography1830s
23.1%
SportsToronto Maple Leafs
21.5%
HistoryWomen
20.8%
MusicAlice Cooper
19.4%
Scienceppb (parts per billion)
17.1%
GamingLeague of Legends
7%
LiteratureBrain
6.7%

You're not logged in!

Compare scores with friends on all Sporcle quizzes.
OR
Log In
Forgot?

From the Vault

Not The Title Character II

by Larryholmes79

Movies 6m
Just because they weren't the title character doesn't mean they didn't steal the show.
Remove Ads.
Support Sporcle.
Get the best of Sporcle when you Go Orange. This ad-free experience offers more features, more stats, and more fun while also helping to support Sporcle. Thank you for becoming a member.

Show Comments

Extras

Top Quizzes Today


Score Distribution

Your Account Isn't Verified!

In order to create a playlist on Sporcle, you need to verify the email address you used during registration. Go to your Sporcle Settings to finish the process.

Report this User

Report this user for behavior that violates our Community Guidelines.

Details: